01498 2200649 4500001002100000008004100021035002000062245003800082100001400120250000600134260003000140300002600170020002200196084001400218082000800232650000800240990001500248990001500263990001500278990001500293990001500308990001500323990001500338990001500353990001500368990001500383990001500398990001500413990001500428990001500443990001500458990001500473990001500488990001500503990001500518990001500533990001500548990001500563990001500578990001500593990001500608990001500623990001500638990001500653990001500668990001500683990001500698990001500713990001500728990001500743990001500758990001500773990001500788990001500803990001500818990001500833INLIS000000000003478 ind  a0010-0526000101 aX-Press TKA MatematikacM. Ikhwan aM. Ikhwan a1 aJakarta :bErlanggac2025 a132 hlmc21 x 25.5 cm a978-623-522-775-7 a510 IKH x a510 aTKA a20256/B/26 a20257/B/26 a20258/B/26 a20259/B/26 a20260/B/26 a20261/B/26 a20262/B/26 a20263/B/26 a20264/B/26 a20265/B/26 a20266/B/26 a20267/B/26 a20268/B/26 a20269/B/26 a20270/B/26 a20271/B/26 a20272/B/26 a20273/B/26 a20274/B/26 a20275/B/26 a20276/B/26 a20277/B/26 a20278/B/26 a20279/B/26 a20280/B/26 a20281/B/26 a20282/B/26 a20283/B/26 a20284/B/26 a20285/B/26 a20286/B/26 a20287/B/26 a20288/B/26 a20289/B/26 a20290/B/26 a20291/B/26 a20292/B/26 a20293/B/26 a20294/B/26 a20295/B/26